| 000 | 01012cam a2200193ua 4500 | ||
|---|---|---|---|
| 020 | _c10.00 | ||
| 041 |
_aeng _h |
||
| 082 |
_a666.9 _bIND/GL |
||
| 110 | 1 |
_aIndian standards institution . _bISI _c() |
|
| 245 |
_aGlossary of terms relating to cement concrete / _cIndian standards institution. _hTextual Documents |
||
| 250 |
_a1 / _b. |
||
| 260 |
_aNew Delhi : _bIndian standards institution , _c1982. |
||
| 300 | _a23 ; . | ||
| 365 | _a10.00 | ||
| 504 | _a | ||
| 942 | _cBK | ||
| 999 |
_c7031 _d7031 |
||